000 00949njm a2200241 i 4500
001 4631
003 ES-MaACL
007 s|r|||||||||||
008 070803s1965 sp ||| g ||||||||1|nspa d
100 1 _aCosta Pinto Netto, Joaquim da.
_941112
245 1 0 _aMis tres años de España
_h[Grabación sonora] /
_cinterviene Joaquín Costa Pinto.
260 _aMadrid :
_bAteneo de Madrid,
_c1965.
300 _a1 disco (CD-DA) (55 min. 15 seg.) ;
_c12 cm.
490 1 _aActos independientes
500 _aDatos basados en la invitación.
518 _aActo organizado por el Aula de Literatura del Ateneo de Madrid, grabado el lunes 31 de mayo de 1965.
610 2 4 _aAteneo de Madrid-
_xActos culturales-
_y1965-
_vGrabaciones sonoras.
_91879
710 2 _aAteneo de Madrid.
_bAula de Literatura.
_91943
830 0 _aActos independientes
_9177078
852 _aES-MaACL
_jROT 3/1/33
_94748
_cROT
942 _2udc
999 _c4631
_d4631